000 00526cam a22002171 4500
001 sa 63003963
003 DLC
005 20260227111945.0
008 890511s1962 ii 000 0 hino
010 _asa 63003963
035 _a(OCoLC)19694592
040 _aDLC
_cWaU
_dDLC
042 _apremarc
050 0 0 _aPK2095.T8
_bZ672
100 1 _aSiṃha, Devendra.
245 1 0 _aTūlasī kā antarjagat.
260 _c[1962]
300 _a8, 293 p.
_c18 cm.
500 _aIn Hindi.
600 0 0 _aTulasīdāsa,
_d1532-1623.
999 _c55393
_d55393